000 003250000a22001450004500
003 MACL
040 _aMACL
090 _c1789
_d1789
100 _aKharbanda, Birinder Singh
245 _aSikh
_bThe Guru's Perspective
260 _aNew Delhi
_bFirst Edition
_c2005
350 _a175
650 _aReligion
942 _cBOOK
_k294.6
999 _c1776
_d1776